000 00430nam a22001577a 4500
005 20251117101936.0
008 251117b |||||||| |||| 00| 0 eng d
020 _a979-8-88715-02-91
100 _aSMITH, JASPER LEONARD
245 _aBIOCHEMISTRY AND FORESTRY MANAGEMENT
260 _aDUBLIN
_bORYSON PRESS
_c2023
300 _aV, 316P.
500 _aINCLUDES INDEX
650 _a1. BIOCHEMSTRY 2. FORESTRY
942 _2lcc
_cBK
999 _c216192
_d216192